00637nam a2200145 a 450000100100000000500170001000800410002704000250006810000420009324500710013526000730020630000200027995201750029999900170047400003307020200930070017.0110809s1944 dr 000 0 spa d aDO-SdBNPbspacBNPHU1 aFernández Fierros, Francisco95876010aFlor de oro :bnovela dominicana /cFrancisco Fernández Fierros. aCiudad Trujillo, República Dominicana :bImp. La Opinión,c1944. a90 p. ;c16 cm. 001050718RVaPDbPDcCTd2011-08-09iLF1l0o p33070-10r2020-06-25w2020-06-25y1zPerteneció a la biblioteca personal de Carlos Larrazábal Blanco.ZNo se presta c32561d32561